<?xml version="1.0" encoding="UTF-8"?><?xml-stylesheet type="text/xsl" href="static/style.xsl"?><OAI-PMH xmlns="http://www.openarchives.org/OAI/2.0/" xmlns:xsi="http://www.w3.org/2001/XMLSchema-instance" xsi:schemaLocation="http://www.openarchives.org/OAI/2.0/ http://www.openarchives.org/OAI/2.0/OAI-PMH.xsd"><responseDate>2026-04-14T05:52:26Z</responseDate><request verb="GetRecord" identifier="oai:www.recercat.cat:2072/412595" metadataPrefix="marc">https://recercat.cat/oai/request</request><GetRecord><record><header><identifier>oai:recercat.cat:2072/412595</identifier><datestamp>2024-10-31T00:25:46Z</datestamp><setSpec>com_2072_98</setSpec><setSpec>col_2072_378192</setSpec></header><metadata><record xmlns="http://www.loc.gov/MARC21/slim" xmlns:dcterms="http://purl.org/dc/terms/" xmlns:xsi="http://www.w3.org/2001/XMLSchema-instance" xmlns:doc="http://www.lyncode.com/xoai" xsi:schemaLocation="http://www.loc.gov/MARC21/slim http://www.loc.gov/standards/marcxml/schema/MARC21slim.xsd">
   <leader>00925njm 22002777a 4500</leader>
   <datafield ind2=" " ind1=" " tag="042">
      <subfield code="a">dc</subfield>
   </datafield>
   <datafield ind2=" " ind1=" " tag="720">
      <subfield code="a">Cerisuelo, Alba</subfield>
      <subfield code="e">author</subfield>
   </datafield>
   <datafield ind2=" " ind1=" " tag="720">
      <subfield code="a">Sala Pallarés, Roser</subfield>
      <subfield code="e">author</subfield>
   </datafield>
   <datafield ind2=" " ind1=" " tag="720">
      <subfield code="a">Baucells Sánchez, María Dolores</subfield>
      <subfield code="e">author</subfield>
   </datafield>
   <datafield ind2=" " ind1=" " tag="260">
      <subfield code="c">2005</subfield>
   </datafield>
   <datafield ind2=" " ind1=" " tag="520">
      <subfield code="a">Asegurar la gestión de las reservas corporales manteniendo un adecuado nivel de reservas a lo largo de la vida reproductiva de la cerda es importante para maximizar los rendimientos productivos y optimizar su vida útil en granja. Por ello, al igual que en una explotación se establecen unos objectivos productivos, también se recomienda fijar unos valores objetivo de cambio de peso vivo y estado corporal de las cerdas en las diferentes etapas del ciclo reproductivo. Asimismo, para controlar estos parámetros en granja es necesario incorporar, de forma rutinaria, un sistema de estimación y monitorización de las reservas corporales aplicable en momentos clave del ciclo como son la cubrición, el parto y el destete.</subfield>
   </datafield>
   <datafield tag="653" ind2=" " ind1=" ">
      <subfield code="a">Bestiar porcí</subfield>
   </datafield>
   <datafield ind2="0" ind1="0" tag="245">
      <subfield code="a">Monitorización del estado de reservas corporales de la cerda en granja. Validación de la nota de condición corporal: introducción y planteamiento experimental (I)</subfield>
   </datafield>
</record></metadata></record></GetRecord></OAI-PMH>